| 000 | 007970000a22003130004500 | ||
|---|---|---|---|
| 500 | _aBibliography: p.97-101 | ||
| 650 | _aPublic finance | ||
| 650 | _aIncome tax | ||
| 650 | _aTaxation | ||
| 650 | _aIncome | ||
| 650 | _aTax systems | ||
| 650 | _aEconomic development | ||
| 650 | _aIncome distribution | ||
| 650 | _aTax revenues | ||
| 650 | _aTax exemptions | ||
| 650 | _aProductivity | ||
| 651 | _aNepal | ||
| 082 |
_a336.24 _bP28i _cD |
||
| 518 | _a20021004 | ||
| 530 | _aDis | ||
| 100 | _aPaudel, Jayanti | ||
| 245 | _aIncome taxation in Nepal; a study of its structure and productivity | ||
| 260 | _aKathmandu, Nepal | ||
| 502 |
_aDissertation _bDegree in Economics, Tribhuvan University |
||
| 260 | _c2002 | ||
| 041 | _aEng | ||
| 300 | _avi, 101p. | ||
| 942 | _cGEN | ||
| 999 |
_c27817 _d27817 |
||